| 000 | 01474cam a2200325 a 4500 | ||
|---|---|---|---|
| 999 |
_c6423 _d6423 |
||
| 001 | 3527465 | ||
| 003 | OSt | ||
| 005 | 20200120124404.0 | ||
| 008 | 961127s1997 enkab b 101 0 eng | ||
| 010 | _a 96052176 | ||
| 020 | _a0521581605 (hc) | ||
| 040 |
_aDLC _cDLC _dDLC |
||
| 082 | 0 | 0 |
_a333.7 _221 _bRES 1997 |
| 245 | 0 | 0 |
_aRestoration ecology and sustainable development / _cedited by Krystyna M. Urbanska, Nigel R. Webb, and Peter J. Edwards. |
| 260 |
_aCambridge, U.K. ; _aNew York : _bCambridge University Press, _c1997. |
||
| 300 |
_axv, 397 p. : _bcol.ill, maps ; _c24 cm. |
||
| 500 | _aPapers from a conference sponsored by the Swiss Federal Institute of Technology Zurich, and others. | ||
| 504 | _aIncludes bibliographical references and index. | ||
| 650 | 0 |
_aRestoration ecology _vCongresses. _97452 |
|
| 650 | 0 |
_aRestoration ecology _xEconomic aspects _vCongresses. _913173 |
|
| 650 | 0 |
_aSustainable development _vCongresses. _913174 |
|
| 700 | 1 |
_aUrbanska, Krystyna. M. _913175 |
|
| 700 | 1 |
_aWebb, Nigel. R. _913176 |
|
| 700 | 1 |
_aEdwards, Peter J. _913177 |
|
| 856 | 4 | 2 |
_3Publisher description _uhttp://www.loc.gov/catdir/description/cam028/96052176.html |
| 856 | 4 | 1 |
_3Table of contents _uhttp://www.loc.gov/catdir/toc/cam025/96052176.html |
| 906 |
_a7 _bcbc _corignew _d1 _eocip _f19 _gy-gencatlg |
||
| 942 |
_2ddc _cO_SHELF |
||